2025 Movies by Picture - Statistics

General Stats
  • This quiz has been taken 23 times
  • The average score is 10 of 16
Answer Stats
Picture Answer % Correct
Superman
95%
Lilo & Stitch
90%
Sinners
80%
Avatar: Fire and Ash
75%
Wicked: For Good
75%
F1
70%
Zootopia 2
70%
How to Train Your Dragon
65%
A Minecraft Movie
60%
Frankenstein
55%
28 Years Later
50%
Tron: Ares
50%
Predator: Badlands
45%
The Fantastic Four: First Steps
45%
Mission: Impossible - The Final Reckoning
40%
Jurassic World: Rebirth
35%
No matching quizzes found
Score Distribution
Percent of People with Each Score
Percentile by Number Answered
Your Score History
You have not taken this quiz